| 000 | 00610nam a22001937a 4500 | ||
|---|---|---|---|
| 005 | 20180605164043.0 | ||
| 010 | _aENG-123135 | ||
| 020 |
_c595.00 _a9788129134899 |
||
| 035 | _aEN-106667 | ||
| 037 | _bDBAD/PUB | ||
| 082 | _a352.63092 | ||
| 100 | _aVarma, Ram | ||
| 245 |
_aLife in the IAS: _cby Ram Varma _bmy encounters with the three lals of Haryana / |
||
| 260 |
_aNew Delhi _bRupa Publications India _c2017 |
||
| 270 |
_a7/16 Ansari Road,Daryaganj _bNew Delhi _e110002 |
||
| 300 |
_a320p. _c24cm(Hb) |
||
| 500 | _aIt includes glossary and index | ||
| 942 |
_2ddc _cEN _mVAR _h352.63092 |
||
| 999 |
_c152461 _d152461 |
||